000 00638cam a22002053a 4500
001 44910
003 PGUSA
005 20140828084027.0
008 140214s2014||||xxu|||||s|||||000 | eng d
040 _aPGUSA
_beng
042 _adc
100 1 _aPerry, Edward Baxter
245 1 0 _aDescriptive Analyses of Piano Works :
_bFor the Use of Teachers, Players, and Music Clubs
_h[electronic resource] /
_cEdward Baxter Perry
260 _bProject Gutenberg,
_c2014
506 _aPublic domain in the USA.
516 _aElectronic text
830 0 _aProject Gutenberg
_v44910
856 4 0 _uhttp://www.gutenberg.org/ebooks/44910
942 _cEB
999 _c274161
_d274161